La rosa roedora
Gespeichert in:
| 1. Verfasser: | |
|---|---|
| Format: | Buch |
| Sprache: | Spanisch |
| Veröffentlicht: |
Valparaíso
Gobierno Regional de Valparaíso
2001
|
| Schriftenreihe: | Colección Poesía
|
| Schlagworte: | |
| Tags: |
Tag hinzufügen
Keine Tags, Fügen Sie den ersten Tag hinzu!
|
MARC
| LEADER | 00000nam a2200000 a 4500 | ||
|---|---|---|---|
| 001 | UCM5972 | ||
| 003 | CL-VaPUC | ||
| 008 | 021025e20010000CL |||||||||||||||||spa|d | ||
| 020 | |a 9567944202 | ||
| 082 | 0 | 4 | |a Ch861 |b VAL |2 21 |
| 100 | 0 | |a Valenzuela, Tito |e author |9 471938 | |
| 245 | 1 | 3 | |a La rosa roedora |
| 300 | |a 70 p | ||
| 942 | |c BK | ||
| 945 | |d 20021025 00:00:00 |a vberengu | ||
| 260 | |a Valparaíso |b Gobierno Regional de Valparaíso |c 2001 | ||
| 650 | 0 | |a Literatura chilena |9 308278 | |
| 650 | 0 | |a Poesías chilenas |9 265280 | |
| 583 | |a last modification |c 20150924 21:40:27 |k Rodrigo Vera | ||
| 490 | 0 | |a Colección Poesía | |
| 999 | |c 301640 |d 301638 | ||
| 952 | |0 0 |1 0 |4 0 |6 CH_861_000000000000000_VAL_2001 |7 0 |8 A |9 360827 |a BIBEDU |b BIBEDU |d 2019-11-21 |i 385437K |o Ch861 VAL 2001 |p 385437K |r 2019-11-21 |w 2019-11-21 |y BK |k LIT | ||
| 952 | |0 0 |1 0 |4 0 |6 CH_861_000000000000000_VAL_2001 |7 0 |8 A |9 360828 |a BIBEDU |b BIBEDU |c ES_NOD |d 2019-11-21 |i 3854388 |o Ch861 VAL 2001 |p 3854388 |r 2023-08-09 |w 2019-11-21 |y BK |k LIT | ||
| 952 | |0 0 |1 0 |4 0 |6 CH_861_000000000000000_VAL_2001 |7 0 |8 A |9 360829 |a BIBEDU |b BIBEDU |d 2019-11-21 |i 3854647 |o Ch861 VAL 2001 |p 3854647 |r 2019-11-21 |w 2019-11-21 |y BK |k BME | ||
| 952 | |0 0 |1 0 |4 0 |6 CH_861_000000000000000_VAL_2001 |7 0 |8 A |9 360830 |a FDOPOS |b FDOPOS |d 2019-11-21 |i 4177126 |o Ch861 VAL 2001 |p 4177126 |r 2023-08-09 |w 2019-11-21 |y BK |k MLH | ||